000
00290nam a2200121Ia 4500
008
210210b xxu||||| |||| 00| 0 eng d
082
_a
536/41
100
_a
FRISCH (David H)
245
_a
Elementary particles
260
_a
_b
Not Mentioned
_c
700
_a
THORNDIKE (Alan M)
906
_a
008839
999
_c
126680
_d
126680